000 00193nam a22000977a 4500
041 _aeng
080 _a80
100 _aSukar, Jim
245 _aGreat Quicksolve Whodunit Puzzles.
999 _c282715
_d282715
942 _cBK